header

Microsoft Publisher 2007 for dummies (Record no. 28760)

MARC details
000 -LEADER
fixed length control field 01214nam a2200325 a 4500
100 1# - MAIN ENTRY--AUTHOR NAME
Personal name McCarter, Jim.
245 10 - TITLE STATEMENT
Title Microsoft Publisher 2007 for dummies
250 ## - EDITION STATEMENT
Edition statement 1st ed.
260 ## - PUBLICATION, DISTRIBUTION, ETC. (IMPRINT)
Place of publication Hoboken :
Name of publisher Wiley,
Year of publication 2007.
300 ## - PHYSICAL DESCRIPTION
Number of Pages xviii, 366 p. :
Other physical details ill.
500 ## - GENERAL NOTE
General note Includes index.
650 #0 - SUBJECT ADDED ENTRY--TOPICAL TERM
Topical Term Desktop publishing.
700 1# - ADDED ENTRY--PERSONAL NAME
Personal name Mabin, Jacqui Salerno.
856 40 - ELECTRONIC LOCATION AND ACCESS
Uniform Resource Identifier http://site.ebrary.com/lib/rucke/Doc?id=10226731

No items available.

© 2026 Rongo University
Contact us: librarian | system librarian | Rongo university